000 01027nam a22002417a 4500
003 OSt
005 20150408114213.0
008 140422s2013 ua a g b 000 0 ara d
020 _a9789771028178
020 _a9771080949
040 _aMa-Un
082 0 4 _221
_a658.4013
_bح س م
100 1 _aحسين، سالي زكي محمد
_943976
245 1 0 _aمعايير الجودة الشاملة في مؤسسات التدريب الحديثة بين النظرية والتطبيق =
_bOverall quality standards modern training between theory and practice /
_cتأليف سالي زكي محمد حسين.
246 3 1 _aOverall quality standards modern training between theory and practice
250 _aط. 1.
260 _aالقاهرة :
_bدار الفكر العربي،
_c2013
_m1434.
300 _a192 ص. :
_bجداول ؛
_c24 سم.
504 _aببليوجرافية : ص. 181-192.
650 _aإدارة الجودة الشاملة
650 _aالرقابة الإدارية
_912338
942 _2ddc
_cBOOK
999 _c34429
_d268929